000 00642nam a2200253 i 4500
001 C2-0129439
003 PPAK
005 20180727121318.0
008 970929s1995 my |||| ||||| | eng d
020 _a9830521524
040 _aPPAK
_beng
_cPPAK
_erda
082 0 4 _a398.2
_223
090 0 0 _a398.2
_bWHA
_dK
245 0 0 _aWhat is intelligence?
264 1 _aPetaling Jaya, Selangor :
_bArowana ,
_c1995
300 _a[n.p.] ;
_c17 cm
336 _2rdacontent
_atext
337 _2rdamedia
_aunmediated
338 _2rdacarrier
_avolume
490 1 _aPeacock series
650 1 0 _aReaders
830 0 _aPeacock series
942 _ddc
_cB
999 _c39484
_d39484